All Formula 1 podiums 1950–59 - Statistics

General Stats
  • This quiz has been taken 774 times
  • The average score is 18 of 42
Answer Stats
Podiums Name Nationality % Correct
35 Juan Manuel Fangio Argentina
100%
20 Giuseppe Farina Italy
98%
17 Alberto Ascari Italy
97%
19 Stirling Moss UK
91%
18 Mike Hawthorn UK
89%
5 Jack Brabham Australia
83%
15 José Froilán González Argentina
78%
5 Phil Hill USA
77%
2 Bruce McLaren New Zealand
69%
2 Wolfgang von Trips Germany
67%
9 Tony Brooks UK
62%
9 Peter Collins UK
61%
6 Luigi Fagioli Italy
60%
10 Maurice Trintignant France
59%
7 Luigi Musso Italy
58%
1 Louis Chiron Monaco
51%
5 Piero Taruffi Italy
50%
2 Dan Gurney USA
48%
1 Joakim Bonnier Sweden
48%
9 Jean Behra France
43%
3 Eugenio Castellotti Italy
35%
8 Luigi Villoresi Italy
29%
2 Karl Kling Germany
27%
1 Alfonso de Portago Spain
25%
2 Louis Rosier France
23%
2 Onofre Marimón Argentina
22%
2 Rudi Fischer Switzerland
20%
2 Stuart Lewis-Evans UK
19%
1 Hans Herrmann Germany
17%
2 Harry Schell USA
17%
2 Roy Salvadori UK
17%
1 Carlos Menditeguy Argentina
16%
3 Masten Gregory USA
16%
1 Paul Frère Belgium
16%
1 Reg Parnell UK
16%
2 Robert Manzon France
14%
1 Peter Whitehead UK
13%
2 Umberto Maglioli Italy
13%
1 Dorino Serafini Italy
12%
2 Cesare Perdisa Italy
11%
2 Felice Bonetto Italy
10%
1 Ron Flockhart UK
7%
No matching quizzes found
Score Distribution
Percent of People with Each Score
Percentile by Number Answered
Your Score History
You have not taken this quiz